| 000 | 00470nam a22001697a 4500 | ||
|---|---|---|---|
| 003 | NUST - PNEC | ||
| 005 | 20170116180756.0 | ||
| 008 | 150407b xxu||||| |||| 00| 0 eng d | ||
| 040 | _cLIBRARY | ||
| 082 | _a297.4 KHA | ||
| 100 |
_92149 _aKhan, Waheed u ddin |
||
| 245 |
_aTameer e Insaniyat _cMaulana Waheed u ddin Khan |
||
| 260 |
_aLahore: _bDar ul Tazkeer, _cc2008. |
||
| 300 |
_a224 p. : _c22 cm. |
||
| 650 |
_92150 _aIslam, Social life _xGeneral |
||
| 942 |
_2ddc _cBK |
||
| 999 |
_c62775 _d62775 |
||